scioly poison animal/plant identify - Statistics

General Stats
  • This quiz has been taken 6 times
  • The average score is 3 of 16
Answer Stats
Picture Answer % Correct
lion fish
80%
blue ringed octopus
60%
cane toad
60%
rhubarb
60%
poison dart frog
40%
american false hellbore
0%
black widow spider
0%
brown recluse spider
0%
calabar bean
0%
calabar bean
0%
cone snail
0%
fat tail scorpion
0%
ongaonga
0%
pacific newt
0%
portuguese man of war
0%
timber rattlesnake
0%
No matching quizzes found
Score Distribution
Percent of People with Each Score
Percentile by Number Answered
Your Score History
You have not taken this quiz